[Event "Fagernes Chess International"]
[Site "Thon Hotell Fagernes"]
[Date "2016.03.20"]
[Round "1"]
[White "Shankland, Samuel L"]
[Black "Haug, Johannes"]
[Result "1-0"]
[WhiteElo "2648"]
[BlackElo "2267"]
[PlyCount "79"]
[EventDate "2016.??.??"]

1. c4 e5 2. Nc3 Bb4 3. Nd5 Bc5 4. Nf3 c6 5. Nc3 d6 6. e3 Bb4 7. Qb3 Ba5 8. Be2
Nf6 9. d4 Qe7 10. O-O O-O 11. Qa3 Bxc3 12. Qxc3 e4 13. Nd2 Bg4 14. Bxg4 Nxg4
15. h3 Nf6 16. b3 a5 17. Bb2 Nbd7 18. a4 b6 19. Rae1 Rfe8 20. Qc2 h6 21. Qd1
Ra7 22. Qe2 Nf8 23. d5 c5 24. Qd1 Ng6 25. Qb1 Nd7 26. Kh2 Raa8 27. f3 exf3 28.
gxf3 Rf8 29. Rg1 Rae8 30. Qf5 Qh4 31. Qxd7 Qf2+ 32. Rg2 Qxe1 33. Rxg6 Qxd2+ 34.
Rg2 Qxg2+ 35. Kxg2 Rxe3 36. Bc1 Rxb3 37. Qxd6 Rc3 38. Bf4 Rxc4 39. Be5 Re8 40.
f4
1-0

[Event "Fagernes Chess International"]
[Site "Thon Hotell Fagernes"]
[Date "2016.03.20"]
[Round "1"]
[White "Haugli, Petter"]
[Black "Vovk, Andrey"]
[Result "0-1"]
[WhiteElo "2244"]
[BlackElo "2638"]
[PlyCount "73"]
[EventDate "2016.??.??"]

1. c4 f5 2. d4 Nf6 3. g3 g6 4. Bg2 Bg7 5. Nf3 O-O 6. O-O d6 7. Nc3 c6 8. b4 e5
9. dxe5 dxe5 10. e4 Qc7 11. Bb2 Be6 12. Qe2 f4 13. Rac1 fxg3 14. hxg3 Bg4 15.
Qe3 Qe7 16. a3 Nbd7 17. Nd2 h5 18. Nf3 Be6 19. Qe2 Bh6 20. Rc2 Bg4 21. Bc1 g5
22. Nd1 Qh7 23. Ne3 Be6 24. c5 Nxe4 25. Nc4 Bd5 26. Ne3 Bb3 27. Rb2 Be6 28. Nc4
Nc3 29. Qd2 Bxc4 30. Qxc3 Bxf1 31. Bxf1 Qf5 32. Bg2 Rae8 33. Re2 e4 34. Qc4+
Qd5 35. Qxd5+ cxd5 36. Nd4 Ne5 37. Bb2
0-1

[Event "Fagernes Chess International"]
[Site "Thon Hotell Fagernes"]
[Date "2016.03.20"]
[Round "1"]
[White "Romanov, Evgeny"]
[Black "Kaasen, Tor Fredrik"]
[Result "1-0"]
[WhiteElo "2635"]
[BlackElo "2209"]
[PlyCount "73"]
[EventDate "2016.??.??"]

1. d4 Nf6 2. c4 g6 3. Nc3 Bg7 4. e4 d6 5. Bd3 O-O 6. Nge2 Nc6 7. O-O e5 8. d5
Nd4 9. Bc2 Nxc2 10. Qxc2 Nh5 11. Be3 f5 12. exf5 gxf5 13. f4 Qe7 14. Rae1 e4
15. Bd4 Bd7 16. Nd1 Kh8 17. Ne3 Rg8 18. Qc3 Raf8 19. b4 b6 20. Rf2 Bf6 21. Rc1
Qg7 22. c5 Bxd4 23. Nxd4 Rf7 24. Qb2 Bc8 25. cxd6 cxd6 26. Rc6 Rd8 27. Qc3 Bb7
28. Nexf5 Qf6 29. Nh6 Rg7 30. Ne6 Bxc6 31. Qxf6 Nxf6 32. dxc6 e3 33. Nxd8 exf2+
34. Kxf2 Ne4+ 35. Ke3 Re7 36. Nf5 Re8 37. c7
1-0

[Event "Fagernes Chess International"]
[Site "Thon Hotell Fagernes"]
[Date "2016.03.20"]
[Round "1"]
[White "Dahl, Trygve"]
[Black "Vovk, Yuri"]
[Result "0-1"]
[WhiteElo "2201"]
[BlackElo "2611"]
[PlyCount "62"]
[EventDate "2016.??.??"]

1. e4 c5 2. Nf3 e6 3. d4 cxd4 4. Nxd4 Nc6 5. Nb5 d6 6. c4 Nf6 7. N1c3 a6 8. Na3
Be7 9. Be3 O-O 10. Be2 d5 11. cxd5 exd5 12. exd5 Nb4 13. Bf3 Bf5 14. O-O Rc8
15. Qb3 b5 16. Rfd1 Re8 17. Rd4 Nd3 18. d6 Bxd6 19. Nd5 Nc5 20. Qd1 Be5 21. Rd2
Nce4 22. Nxf6+ Qxf6 23. Bxe4 Bxe4 24. Bd4 Qg5 25. f3 Bxf3 26. Qxf3 Qxd2 27.
Bxe5 Rc1+ 28. Rxc1 Qxc1+ 29. Kf2 Qc5+ 30. Qe3 Rxe5 31. Qxc5 Rxc5
0-1

[Event "Fagernes Chess International"]
[Site "Thon Hotell Fagernes"]
[Date "2016.03.20"]
[Round "1"]
[White "Neiksans, Arturs"]
[Black "Kjølberg, Jens Hjorth"]
[Result "1-0"]
[WhiteElo "2607"]
[BlackElo "2164"]
[PlyCount "74"]
[EventDate "2016.??.??"]

1. c4 e6 2. g3 Nf6 3. Bg2 d5 4. Nf3 dxc4 5. Qa4+ Nbd7 6. Qxc4 a6 7. Qc2 c5 8.
Nc3 Qc7 9. O-O b5 10. a4 b4 11. Nd1 Bb7 12. Ne3 Be7 13. d3 O-O 14. Nc4 a5 15.
Bf4 Qc6 16. e4 Rfc8 17. Rac1 Ne8 18. Rfd1 Nd6 19. Bxd6 Bxd6 20. d4 Bf8 21. d5
exd5 22. exd5 Qf6 23. h4 h6 24. Nfd2 Nb6 25. Nxb6 Qxb6 26. Nc4 Qf6 27. d6 Bxg2
28. Kxg2 Rd8 29. Qe4 Ra7 30. Rd5 Rad7 31. Rcd1 g6 32. Rxc5 Ra7 33. Rcd5 Ra6 34.
Qe5 Kg7 35. f4 Rc6 36. b3 h5 37. Rxa5 Bxd6
1-0

[Event "Fagernes Chess International"]
[Site "Thon Hotell Fagernes"]
[Date "2016.03.20"]
[Round "1"]
[White "Gutsko, Anastasia"]
[Black "Lie, Kjetil A."]
[Result "0-1"]
[WhiteElo "2154"]
[BlackElo "2535"]
[PlyCount "74"]
[EventDate "2016.??.??"]

1. e4 d6 2. d4 Nf6 3. Nc3 g6 4. Nf3 Bg7 5. Be2 O-O 6. O-O c6 7. a4 Nbd7 8. Bg5
e5 9. dxe5 dxe5 10. Qd6 h6 11. Be3 Ng4 12. Bc4 Nxe3 13. fxe3 Bf6 14. a5 Kg7 15.
Ne2 Qe7 16. Qd2 Nc5 17. Ng3 h5 18. b4 h4 19. bxc5 hxg3 20. Qd6 Qxd6 21. cxd6
gxh2+ 22. Kxh2 Bd7 23. Kg1 Rad8 24. Rf2 g5 25. Nh2 Rh8 26. Raf1 Rh6 27. Be2 Be6
28. Bg4 Bc4 29. Rd1 Rdh8 30. g3 Bd8 31. Bc8 Bxa5 32. Bxb7 Bb6 33. Re1 Rxd6 34.
Ng4 f6 35. Kg2 Rb8 36. Bxc6 Rxc6 37. Rd2 Be6
0-1

[Event "Fagernes Chess International"]
[Site "Thon Hotell Fagernes"]
[Date "2016.03.20"]
[Round "1"]
[White "De Firmian, Nick E"]
[Black "Løbersli, Henrik Øie"]
[Result "1-0"]
[WhiteElo "2508"]
[BlackElo "2134"]
[PlyCount "117"]
[EventDate "2016.??.??"]

1. e4 e5 2. Nf3 Nc6 3. Bb5 a6 4. Ba4 Nf6 5. O-O Be7 6. Re1 b5 7. Bb3 O-O 8. a4
b4 9. d3 d6 10. Nbd2 Be6 11. a5 Rb8 12. Nc4 h6 13. h3 Nh7 14. Be3 Ng5 15. Nfd2
Kh8 16. Ba4 Bd7 17. f4 exf4 18. Bxf4 Ne6 19. Be3 Bg5 20. Nf3 Bxe3+ 21. Nxe3 Nc5
22. Bxc6 Bxc6 23. Nd4 Bd7 24. Rf1 Qg5 25. Rf3 Qe5 26. c3 bxc3 27. bxc3 Ne6 28.
Rf5 Qg3 29. Nf1 Qg6 30. Nf3 Nc5 31. Nh4 Qh7 32. Rf2 f5 33. Rb1 Rxb1 34. Qxb1 f4
35. Nd2 g5 36. Nhf3 Qg8 37. c4 Rb8 38. Qa1+ Kh7 39. d4 Nb3 40. Qc3 Nxd2 41.
Nxd2 Qg7 42. c5 Bb5 43. cxd6 cxd6 44. e5 dxe5 45. dxe5 Re8 46. Nf3 h5 47. Qc2+
Kh8 48. Qf5 Rg8 49. Rd2 Qg6 50. Qxg6 Rxg6 51. Rd6 Kg7 52. Nd4 Bc4 53. e6 Rf6
54. e7 Bf7 55. Rd8 g4 56. e8=Q Bxe8 57. Rxe8 f3 58. gxf3 gxf3 59. Kf2
1-0

[Event "Fagernes Chess International"]
[Site "Thon Hotell Fagernes"]
[Date "2016.03.20"]
[Round "1"]
[White "Ranaldi, Lucas"]
[Black "Urkedal, Frode Olav Olsen"]
[Result "0-1"]
[WhiteElo "2132"]
[BlackElo "2507"]
[PlyCount "64"]
[EventDate "2016.??.??"]

1. Nf3 Nf6 2. c4 e6 3. Nc3 c5 4. g3 b6 5. Bg2 Bb7 6. O-O Be7 7. d4 cxd4 8. Qxd4
O-O 9. Rd1 d6 10. b3 Nbd7 11. Bb2 a6 12. h3 Qc7 13. Rac1 Rac8 14. e4 Qb8 15.
Qe3 Rfe8 16. Nd4 Bf8 17. Qd3 Qa8 18. Re1 Nc5 19. Qb1 g6 20. f3 Bg7 21. Rcd1 d5
22. e5 Nh5 23. cxd5 exd5 24. Nce2 Bxe5 25. f4 Bg7 26. Kf2 Ne4+ 27. Bxe4 dxe4
28. Nc2 Rxc2 29. Qxc2 e3+ 30. Kg1 Be4 31. Rd3 Bxb2 32. Qxb2 Bxd3
0-1

[Event "Fagernes Chess International"]
[Site "Thon Hotell Fagernes"]
[Date "2016.03.20"]
[Round "1"]
[White "Johannessen, Leif E"]
[Black "Darnell, Anton"]
[Result "1-0"]
[WhiteElo "2497"]
[BlackElo "2110"]
[PlyCount "59"]
[EventDate "2016.??.??"]

1. d4 e6 2. c4 Nf6 3. Nc3 Bb4 4. Nf3 d5 5. Bg5 h6 6. Bxf6 Qxf6 7. e3 O-O 8. Rc1
c6 9. Bd3 Nd7 10. O-O dxc4 11. Ne4 Qe7 12. Rxc4 Ba5 13. Ne5 Bc7 14. f4 Nb6 15.
Rc1 Nd5 16. Rf3 Bb6 17. Bb1 Rd8 18. Qc2 f5 19. Nc5 Bxc5 20. dxc5 Nf6 21. Qc4
Nd7 22. Bxf5 Nxe5 23. fxe5 Rd5 24. Bb1 Rxe5 25. Rcf1 Bd7 26. Rf7 Qxf7 27. Rxf7
Kxf7 28. Qf4+ Rf5 29. Bxf5 exf5 30. Qc7
1-0

[Event "Fagernes Chess International"]
[Site "Thon Hotell Fagernes"]
[Date "2016.03.20"]
[Round "1"]
[White "Bjerke, Richard"]
[Black "Meskovs, Nikita"]
[Result "0-1"]
[WhiteElo "2109"]
[BlackElo "2469"]
[PlyCount "60"]
[EventDate "2016.??.??"]

1. d4 Nf6 2. c4 c5 3. d5 e6 4. Nc3 exd5 5. cxd5 d6 6. e4 g6 7. f4 Bg7 8. Bb5+
Nfd7 9. Nf3 O-O 10. O-O a6 11. Bd3 b5 12. Kh1 Re8 13. e5 dxe5 14. f5 Nf6 15.
fxg6 hxg6 16. Ng5 Ra7 17. Qf3 b4 18. Nce4 Bf5 19. Be3 Bxe4 20. Bxe4 Qd6 21.
Rad1 Nbd7 22. Qh3 Rc7 23. Ne6 fxe6 24. Bxg6 exd5 25. Rf3 Re7 26. Rdf1 Nf8 27.
Rg3 Nxg6 28. Rxg6 Rf7 29. Bh6 Ng4 30. Qd3 Qxg6
0-1

[Event "Fagernes Chess International"]
[Site "Thon Hotell Fagernes"]
[Date "2016.03.20"]
[Round "1"]
[White "Salomon, Johan"]
[Black "Hølleland, Sigve"]
[Result "1-0"]
[WhiteElo "2452"]
[BlackElo "2107"]
[PlyCount "61"]
[EventDate "2016.??.??"]

1. Nf3 Nf6 2. c4 e6 3. g3 b6 4. Bg2 Bb7 5. O-O Be7 6. d4 O-O 7. Re1 c5 8. d5
exd5 9. Nh4 Ne4 10. cxd5 Bxh4 11. Bxe4 Bf6 12. Qc2 h6 13. Nc3 d6 14. Bg2 Nd7
15. Bd2 Ne5 16. Ne4 Be7 17. Bc3 Nd7 18. Qd3 Rc8 19. a4 Kh8 20. Qe3 Kh7 21. Qf4
Nb8 22. a5 b5 23. Bh3 f5 24. Bxf5+ g6 25. Bxg6+ Kxg6 26. Qg4+ Bg5 27. h4 Bxd5
28. Rad1 Bxe4 29. Qxe4+ Kh5 30. hxg5 hxg5 31. Qh7+
1-0

[Event "Fagernes Chess International"]
[Site "Thon Hotell Fagernes"]
[Date "2016.03.20"]
[Round "1"]
[White "Risting, Eivind Olav"]
[Black "Getz, Nicolai"]
[Result "1/2-1/2"]
[WhiteElo "2102"]
[BlackElo "2407"]
[PlyCount "142"]
[EventDate "2016.??.??"]

1. d4 Nf6 2. c4 e6 3. Nc3 Bb4 4. Qc2 O-O 5. Nf3 d5 6. cxd5 exd5 7. Bf4 Ne4 8.
e3 Bf5 9. Bd3 Nc6 10. O-O Re8 11. Ne2 Be7 12. a3 g5 13. Bg3 h5 14. h3 Bg6 15.
Ne5 Nxg3 16. Nxg3 Nxe5 17. dxe5 Bxd3 18. Qxd3 h4 19. Nh5 Qd7 20. Rad1 Rad8 21.
Qc3 Qc6 22. Qxc6 bxc6 23. b4 Kh7 24. Rc1 c5 25. bxc5 Kg6 26. Nf6 Bxf6 27. exf6
Kxf6 28. Rfd1 Re4 29. Rb1 Rc4 30. Rb5 c6 31. Ra5 Rb8 32. Ra6 Rxc5 33. Rxa7 Rb2
34. a4 Rcc2 35. Rf1 Ra2 36. a5 Rcb2 37. Rc7 Rc2 38. Ra7 Rcb2 39. Rc7 Rc2 40.
Ra7 Ke6 41. a6 Ra5 42. Rb1 Rca2 43. Rb6 Kd6 44. Rxf7 Kc5 45. Rb1 Ra1 46. Rxa1
Rxa1+ 47. Kh2 Rxa6 48. g3 Kc4 49. Rf6 Kd3 50. Rg6 Ra2 51. Kg2 c5 52. Rxg5 d4
53. exd4 c4 54. Rc5 Kxd4 55. Rc8 c3 56. Kf3 hxg3 57. fxg3 c2 58. Kf4 Kd3 59.
Rd8+ Kc3 60. Rc8+ Kb2 61. h4 c1=Q+ 62. Rxc1 Kxc1 63. h5 Rh2 64. Kg5 Kd2 65. g4
Ke3 66. Kg6 Kf4 67. h6 Kxg4 68. h7 Rh5 69. Kg7 Rg5+ 70. Kf7 Rh5 71. Kg7 Rxh7+
1/2-1/2

[Event "Fagernes Chess International"]
[Site "Thon Hotell Fagernes"]
[Date "2016.03.20"]
[Round "1"]
[White "Christiansen, Johan-Sebastian"]
[Black "Fossan, Andreas"]
[Result "1-0"]
[WhiteElo "2401"]
[BlackElo "2069"]
[PlyCount "63"]
[EventDate "2016.??.??"]

1. c4 c5 2. g3 Nc6 3. Bg2 g6 4. Nf3 Bg7 5. Nc3 d6 6. O-O Bf5 7. d3 Qd7 8. Rb1
Bh3 9. Bxh3 Qxh3 10. Nd5 Qd7 11. Bd2 e6 12. Bc3 Bxc3 13. Nxc3 Nge7 14. d4 cxd4
15. Nxd4 d5 16. cxd5 Nxd5 17. Nxc6 bxc6 18. Ne4 O-O 19. Rc1 Qb7 20. Qc2 Rab8
21. b3 Qa6 22. Nc5 Qc8 23. e4 Nb4 24. Qe2 Rb5 25. Rfd1 Na6 26. Nd7 Rd8 27. Qd2
Rc5 28. Rxc5 Nxc5 29. Nf6+ Kg7 30. Nh5+ gxh5 31. Qg5+ Kh8 32. Rxd8+
1-0

[Event "Fagernes Chess International"]
[Site "Thon Hotell Fagernes"]
[Date "2016.03.20"]
[Round "1"]
[White "Pettersen, Joar Gullestad"]
[Black "Hauge, Lars Oskar"]
[Result "0-1"]
[WhiteElo "2062"]
[BlackElo "2393"]
[PlyCount "98"]
[EventDate "2016.??.??"]

1. e4 c5 2. Nf3 d6 3. Bb5+ Nc6 4. O-O Bd7 5. Re1 Nf6 6. c3 a6 7. Bf1 e5 8. h3
Be7 9. d4 Qc8 10. a4 O-O 11. Na3 Qc7 12. Bg5 h6 13. Bh4 cxd4 14. cxd4 Nxd4 15.
Nxd4 exd4 16. Qxd4 Bc6 17. Nc4 Rad8 18. Nd2 d5 19. e5 Ne4 20. Bxe7 Qxe7 21. b4
Ng5 22. Qb6 d4 23. b5 axb5 24. axb5 Bd5 25. Bc4 Nxh3+ 26. Kf1 Qh4 27. g3 Bxc4+
28. Nxc4 Qg4 29. Qxb7 Qf5 30. Kg2 Nxf2 31. Rf1 Qe6 32. Rxf2 Qxc4 33. Qc6 Qb3
34. Raa2 Rc8 35. Rab2 Qe3 36. Rfe2 Qxe2+ 37. Rxe2 Rxc6 38. bxc6 Rc8 39. Rc2 d3
40. Rc1 d2 41. Rd1 Rxc6 42. Rxd2 Rc5 43. Rd8+ Kh7 44. Re8 Rc6 45. Kf3 Re6 46.
Rf8 Kg6 47. Kf4 f6 48. exf6 Rxf6+ 49. Rxf6+ Kxf6
0-1

[Event "Fagernes Chess International"]
[Site "Thon Hotell Fagernes"]
[Date "2016.03.20"]
[Round "1"]
[White "Houska, Jovanka"]
[Black "Machlik, Edit"]
[Result "1-0"]
[WhiteElo "2387"]
[BlackElo "2056"]
[PlyCount "55"]
[EventDate "2016.??.??"]

1. d4 Nf6 2. Nf3 e6 3. c4 Bb4+ 4. Bd2 a5 5. g3 d6 6. Bg2 Nc6 7. O-O e5 8. e3
Bxd2 9. Qxd2 O-O 10. Nc3 Bg4 11. b3 Qc8 12. d5 Nb8 13. Ne1 Na6 14. Nd3 Nd7 15.
h3 Bf5 16. e4 Bg6 17. f4 exf4 18. gxf4 Nac5 19. Nxc5 Nxc5 20. f5 Bh5 21. Qg5 g6
22. f6 Kh8 23. e5 dxe5 24. Rae1 Nd3 25. Qh6 Rg8 26. Ne4 Qf8 27. Ng5 Qxh6 28.
Nxf7#
1-0

[Event "Fagernes Chess International"]
[Site "Thon Hotell Fagernes"]
[Date "2016.03.20"]
[Round "1"]
[White "Machlik, Monika"]
[Black "Hobber, Anders"]
[Result "1/2-1/2"]
[WhiteElo "2055"]
[BlackElo "2326"]
[PlyCount "54"]
[EventDate "2016.??.??"]

1. d4 d5 2. c4 c6 3. Nc3 Nf6 4. e3 e6 5. Nf3 a6 6. Qc2 c5 7. cxd5 exd5 8. Be2
Nc6 9. a3 Be6 10. O-O Rc8 11. Rd1 cxd4 12. exd4 Be7 13. Qd3 O-O 14. Bg5 Na5 15.
b4 Nc4 16. Rdc1 a5 17. Na4 axb4 18. axb4 Bxb4 19. Rcb1 Qd6 20. Qb3 Ba5 21. Bxf6
gxf6 22. Qxb7 Bc7 23. Qb4 Qxb4 24. Rxb4 Ra8 25. Rbb1 Bf5 26. Rf1 Bd6 27. Nc3
Be6
1/2-1/2

[Event "Fagernes Chess International"]
[Site "Thon Hotell Fagernes"]
[Date "2016.03.20"]
[Round "1"]
[White "Gandrud, Vegar Koi"]
[Black "Grønnestad, Anita"]
[Result "1-0"]
[WhiteElo "2300"]
[BlackElo "1957"]
[PlyCount "75"]
[EventDate "2016.??.??"]

1. d4 d5 2. c4 e6 3. Nf3 Nf6 4. g3 Be7 5. Bg2 O-O 6. O-O a5 7. Nc3 Nbd7 8. b3
Re8 9. Qc2 dxc4 10. bxc4 Nb6 11. Qd3 Bf8 12. Bf4 c6 13. e4 Nh5 14. Bg5 f6 15.
Be3 e5 16. d5 c5 17. Nb5 Bd6 18. Nd2 Nf4 19. gxf4 exf4 20. Nxd6 Qxd6 21. e5
fxe5 22. Ne4 Qg6 23. Bxc5 Nxc4 24. Kh1 b6 25. d6 Be6 26. Rac1 Nb2 27. Qc2 bxc5
28. Qxb2 Rab8 29. Qc2 Bd5 30. Nf6+ gxf6 31. Bxd5+ Kh8 32. Qxc5 e4 33. d7 Red8
34. Qe7 Qh6 35. Bxe4 Rg8 36. Rg1 f3 37. Rxg8+ Rxg8 38. Rc8
1-0

[Event "Fagernes Chess International"]
[Site "Thon Hotell Fagernes"]
[Date "2016.03.20"]
[Round "2"]
[White "Urkedal, Frode Olav Olsen"]
[Black "Shankland, Samuel L"]
[Result "1/2-1/2"]
[WhiteElo "2507"]
[BlackElo "2648"]
[PlyCount "70"]
[EventDate "2016.??.??"]

1. d4 Nf6 2. c4 g6 3. Nc3 d5 4. cxd5 Nxd5 5. e4 Nxc3 6. bxc3 Bg7 7. Bc4 O-O 8.
Ne2 c5 9. O-O Nc6 10. Be3 Qc7 11. Rc1 b6 12. Qd2 Bb7 13. Bh6 e6 14. Rfd1 Rfd8
15. Bxg7 Kxg7 16. Qe3 Rac8 17. h4 Qe7 18. Qg3 cxd4 19. cxd4 Na5 20. Bd3 Kg8 21.
h5 Nc6 22. h6 Qf6 23. e5 Qe7 24. Qg4 Nb4 25. Bc4 Bd5 26. Bxd5 Nxd5 27. Nf4 Nc3
28. Rd2 b5 29. Kh2 b4 30. Nh5 Nd5 31. Rc5 Kh8 32. Rdc2 Rxc5 33. Rxc5 Qf8 34.
Qg5 gxh5 35. Rxd5 Rxd5
1/2-1/2

[Event "Fagernes Chess International"]
[Site "Thon Hotell Fagernes"]
[Date "2016.03.20"]
[Round "2"]
[White "Vovk, Andrey"]
[Black "Johannessen, Leif E"]
[Result "1-0"]
[WhiteElo "2638"]
[BlackElo "2497"]
[PlyCount "73"]
[EventDate "2016.??.??"]

1. e4 e5 2. Nf3 Nc6 3. d4 exd4 4. Nxd4 Bc5 5. Be3 Qf6 6. c3 Nge7 7. Bc4 Ne5 8.
Be2 Qg6 9. O-O d6 10. f3 O-O 11. Nd2 d5 12. Kh1 dxe4 13. fxe4 Ng4 14. Bf4 Bd6
15. Nc4 Bxf4 16. Rxf4 h5 17. Qb3 Be6 18. Qxb7 Bxc4 19. Bxc4 Ne3 20. Rf2 Nxc4
21. Qxc7 Nd6 22. Qxe7 Nxe4 23. Rf4 Rae8 24. Qh4 f5 25. Raf1 Nd2 26. Rd1 Ne4 27.
Rf3 Qg4 28. Qxg4 hxg4 29. Rff1 g6 30. c4 Rd8 31. Kg1 Rd6 32. Nb5 Rb6 33. b3 a6
34. Nc7 Rc8 35. Nd5 Re6 36. Nf4 Rf6 37. Rd7
1-0

[Event "Fagernes Chess International"]
[Site "Thon Hotell Fagernes"]
[Date "2016.03.20"]
[Round "2"]
[White "Meskovs, Nikita"]
[Black "Romanov, Evgeny"]
[Result "0-1"]
[WhiteElo "2469"]
[BlackElo "2635"]
[PlyCount "56"]
[EventDate "2016.??.??"]

1. Nf3 Nf6 2. e3 g6 3. b4 Bg7 4. Bb2 b6 5. c4 c5 6. a3 O-O 7. Be2 Nc6 8. Qb3 e6
9. O-O d5 10. Rc1 d4 11. exd4 cxd4 12. d3 Nh5 13. Nbd2 Nf4 14. Bf1 g5 15. Qa4
Bb7 16. b5 Ne7 17. Nxg5 Ned5 18. cxd5 Qxg5 19. Ne4 Qxd5 20. Rc7 f5 21. Ng5 Rac8
22. Rxg7+ Kxg7 23. Bxd4+ e5 24. Bb2 Nxg2 25. f3 h6 26. Bxg2 hxg5 27. Re1 Rfe8
28. Qxa7 Rc2
0-1

[Event "Fagernes Chess International"]
[Site "Thon Hotell Fagernes"]
[Date "2016.03.20"]
[Round "2"]
[White "Vovk, Yuri"]
[Black "Salomon, Johan"]
[Result "1-0"]
[WhiteElo "2611"]
[BlackElo "2452"]
[PlyCount "135"]
[EventDate "2016.??.??"]

1. d4 Nf6 2. c4 e6 3. Nf3 b6 4. Bf4 Bb4+ 5. Nbd2 Bb7 6. e3 O-O 7. Bd3 Be7 8. e4
Nh5 9. Be3 f5 10. exf5 exf5 11. d5 Na6 12. Nd4 g6 13. Nxf5 Bg5 14. O-O Nf4 15.
Nf3 gxf5 16. Nxg5 Qxg5 17. Qf3 Qxg2+ 18. Qxg2+ Nxg2 19. Kxg2 Nb4 20. Bb1 Rf6
21. a3 Na6 22. Kf3 Raf8 23. Rg1+ Rg6 24. Bc2 c6 25. d6 Kf7 26. Rad1 Ke6 27. Bg5
c5+ 28. Kf4 Be4 29. Ba4 Rfg8 30. Rg3 Nb8 31. h3 Nc6 32. f3 Nd4 33. Rxd4 cxd4
34. fxe4 fxe4 35. c5 Rf8+ 36. Kxe4 bxc5 37. b4 cxb4 38. axb4 Kxd6 39. Kxd4 a5
40. Bc2 Rxg5 41. Rxg5 Rf4+ 42. Ke3 Rxb4 43. Rxa5 Rh4 44. Bf5 h5 45. Ra6+ Ke5
46. Bxd7 Re4+ 47. Kf2 Rf4+ 48. Kg2 h4 49. Ra5+ Kf6 50. Bg4 Re4 51. Rh5 Kg7 52.
Rxh4 Re5 53. Bf3 Re6 54. Rg4+ Kh8 55. h4 Rf6 56. Kg3 Rf7 57. h5 Rf5 58. Rg6 Re5
59. Kf4 Rc5 60. h6 Ra5 61. Be4 Rb5 62. Bf5 Rb8 63. Rg7 Rb4+ 64. Kg5 Rb8 65. Rf7
Ra8 66. Kf6 Rb8 67. Be6 Ra8 68. Kg6
1-0

[Event "Fagernes Chess International"]
[Site "Thon Hotell Fagernes"]
[Date "2016.03.20"]
[Round "2"]
[White "Christiansen, Johan-Sebastian"]
[Black "Neiksans, Arturs"]
[Result "0-1"]
[WhiteElo "2401"]
[BlackElo "2607"]
[PlyCount "96"]
[EventDate "2016.??.??"]

1. Nf3 d5 2. g3 c6 3. c4 Nf6 4. Bg2 Bf5 5. O-O e6 6. d3 dxc4 7. dxc4 Qxd1 8.
Rxd1 Nbd7 9. Nc3 h6 10. e4 Bg4 11. h3 Bxf3 12. Bxf3 e5 13. Rb1 a5 14. Na4 Nc5
15. Nxc5 Bxc5 16. a3 Bd4 17. b4 axb4 18. axb4 Ra2 19. Rd2 Rxd2 20. Bxd2 Kd7 21.
Rd1 Kc7 22. Bf4 exf4 23. Rxd4 fxg3 24. fxg3 Nd7 25. Kf2 b6 26. Ke3 Ra8 27. Kf4
f6 28. Kf5 Ra3 29. Ke6 Ne5 30. Bg4 Rxg3 31. c5 h5 32. Bf5 bxc5 33. bxc5 Rc3 34.
Ra4 g6 35. Kxf6 gxf5 36. Kxe5 Rxc5+ 37. Kf6 fxe4 38. Rxe4 Rd5 39. h4 c5 40.
Re7+ Kc6 41. Rg7 Rd4 42. Rg6 Rd6+ 43. Kg5 Rxg6+ 44. Kxg6 c4 45. Kxh5 c3 46. Kg6
c2 47. h5 c1=Q 48. h6 Qc3
0-1

[Event "Fagernes Chess International"]
[Site "Thon Hotell Fagernes"]
[Date "2016.03.20"]
[Round "2"]
[White "Lie, Kjetil A."]
[Black "Houska, Jovanka"]
[Result "1-0"]
[WhiteElo "2535"]
[BlackElo "2387"]
[PlyCount "111"]
[EventDate "2016.??.??"]

1. g3 d5 2. Nf3 c6 3. Bg2 Bg4 4. O-O e6 5. d3 Nd7 6. h3 Bh5 7. e4 Bd6 8. Qe2
Ne7 9. Nbd2 O-O 10. b3 Re8 11. Bb2 Be5 12. d4 Bc7 13. c4 a5 14. Rfe1 a4 15. Qe3
Ba5 16. Bc3 dxe4 17. Nxe4 Nf5 18. Qd2 Bxc3 19. Qxc3 Bxf3 20. Bxf3 Nf6 21. Rad1
axb3 22. axb3 Nxe4 23. Bxe4 Qf6 24. Qd3 g6 25. Bxf5 exf5 26. d5 Rxe1+ 27. Rxe1
Rd8 28. Rd1 cxd5 29. cxd5 f4 30. Qf3 Qg5 31. h4 Qf5 32. Kg2 h5 33. d6 Kg7 34.
Rd4 fxg3 35. Qxf5 gxf5 36. Kxg3 Kf6 37. Kf4 Rd7 38. Rd2 b5 39. Rd1 b4 40. Rd2
Rd8 41. d7 Ke6 42. Rd4 Kf6 43. Rd6+ Ke7 44. Ke5 f4 45. Kd5 f3 46. Kc5 f6 47.
Rd3 Rxd7 48. Rxd7+ Kxd7 49. Kxb4 Ke6 50. Kc4 Kf5 51. b4 Kg4 52. b5 Kh3 53. b6
Kg2 54. b7 Kxf2 55. b8=Q Kg2 56. Qg8+
1-0

[Event "Fagernes Chess International"]
[Site "Thon Hotell Fagernes"]
[Date "2016.03.20"]
[Round "2"]
[White "Hauge, Lars Oskar"]
[Black "De Firmian, Nick E"]
[Result "0-1"]
[WhiteElo "2393"]
[BlackElo "2508"]
[PlyCount "64"]
[EventDate "2016.??.??"]

1. e4 Nf6 2. e5 Nd5 3. d4 d6 4. Nf3 g6 5. Be2 Bg7 6. O-O O-O 7. c4 Nb6 8. exd6
cxd6 9. h3 Nc6 10. Nc3 Bf5 11. b3 d5 12. c5 Nd7 13. Bb2 Be4 14. Na4 e5 15. dxe5
Ndxe5 16. Nxe5 Nxe5 17. f4 Nc6 18. Bxg7 Kxg7 19. Nc3 Qa5 20. Nxe4 dxe4 21. Qd5
Rad8 22. Qxe4 Rfe8 23. Qc4 Rd4 24. Qb5 Qd2 25. Bc4 Re7 26. f5 gxf5 27. Rxf5 a6
28. Qa4 Re2 29. Rxf7+ Kg6 30. Bxe2 Rxa4 31. Rf2 Qc3 32. Rd1 Rd4
0-1

[Event "Fagernes Chess International"]
[Site "Thon Hotell Fagernes"]
[Date "2016.03.20"]
[Round "2"]
[White "Getz, Nicolai"]
[Black "Gandrud, Vegar Koi"]
[Result "1-0"]
[WhiteElo "2407"]
[BlackElo "2300"]
[PlyCount "79"]
[EventDate "2016.??.??"]

1. e4 c5 2. Nf3 d6 3. d4 cxd4 4. Nxd4 Nf6 5. Nc3 a6 6. h3 e5 7. Nde2 h5 8. g3
Be6 9. Bg2 Be7 10. a4 Nbd7 11. O-O O-O 12. Be3 Nb6 13. Bg5 Rc8 14. b3 Nbd7 15.
Qd2 Qc7 16. Ra2 Rfd8 17. Kh2 Nf8 18. Bxf6 Bxf6 19. Nd5 Bxd5 20. exd5 h4 21. Be4
g6 22. c4 Qe7 23. a5 Bg5 24. Qc3 f5 25. Bb1 Nd7 26. f4 Bf6 27. gxh4 exf4 28.
Qd2 Be5 29. Nxf4 Qxh4 30. Kg2 Kf7 31. Rf3 Bxf4 32. Rxf4 Qg5+ 33. Kh2 Ne5 34.
Qf2 Kf6 35. Qd4 Rh8 36. Rg2 Rxh3+ 37. Kxh3 Rh8+ 38. Rh4 Qc1 39. Rxh8 Qh1+ 40.
Kg3
1-0

[Event "Fagernes Chess International"]
[Site "Thon Hotell Fagernes"]
[Date "2016.03.20"]
[Round "2"]
[White "Hobber, Anders"]
[Black "Risting, Eivind Olav"]
[Result "1-0"]
[WhiteElo "2326"]
[BlackElo "2102"]
[PlyCount "83"]
[EventDate "2016.??.??"]

1. d4 Nf6 2. Nf3 g6 3. Bf4 Bg7 4. e3 O-O 5. Be2 d6 6. h3 Nbd7 7. O-O c5 8. c4
a6 9. Nc3 cxd4 10. exd4 b6 11. Re1 Bb7 12. d5 Rc8 13. a4 Nc5 14. Bf1 Nfd7 15.
Rc1 a5 16. Be3 Na6 17. Nd4 Nb4 18. Ndb5 Ne5 19. b3 Nd7 20. h4 h5 21. Be2 Nf6
22. Nd4 Rb8 23. Bf3 Qd7 24. Bg5 Rfe8 25. Qd2 Ng4 26. Be4 Be5 27. g3 Ra8 28.
Rcd1 Na6 29. Bf3 Nc5 30. Qc2 Bg7 31. Bg2 Ne5 32. Ne4 Na6 33. Bc1 Rac8 34. Ng5
Nb4 35. Qe2 Qg4 36. f3 Qxg3 37. Ne4 Qxh4 38. Bg5 Nxf3+ 39. Nxf3 Qg4 40. Nf2 Qd7
41. Bh3 f5 42. Nh4
1-0

[Event "Fagernes Chess International"]
[Site "Thon Hotell Fagernes"]
[Date "2016.03.20"]
[Round "2"]
[White "Haug, Johannes"]
[Black "Machlik, Monika"]
[Result "1-0"]
[WhiteElo "2267"]
[BlackElo "2055"]
[PlyCount "65"]
[EventDate "2016.??.??"]

1. e4 c6 2. d4 d5 3. e5 c5 4. dxc5 Nc6 5. a3 Nxe5 6. b4 g6 7. Bb5+ Nc6 8. Bb2
Nf6 9. c4 Be6 10. Nf3 dxc4 11. Nbd2 Bg7 12. O-O O-O 13. Bxc4 Bxc4 14. Nxc4 Qxd1
15. Rfxd1 a6 16. Nfe5 Nxe5 17. Bxe5 Rad8 18. Na5 Nd5 19. Bxg7 Kxg7 20. Nxb7 Rb8
21. Rxd5 Rxb7 22. Rad1 Rc8 23. Rd7 Rbc7 24. Rxc7 Rxc7 25. Kf1 Kf6 26. Ke2 Ke5
27. Rd8 f5 28. Kd3 Kf4 29. Kd4 e5+ 30. Kd5 e4 31. c6 e3 32. fxe3+ Kxe3 33. Kd6
1-0